00351nam a2200121 450000500170000010000250001724500690004226400300011130000180014133600220015933700240018133800240020520260530113903.01 aEdholm / Ergonomía10aLa Biología del trabajo • Biblioteca para el hombre Actual  1bMcGraw Hill Companyc1977 a256 páginas atexto2rdacontent asin medio2rdamedia avolumen2rdacarrier